[Event "Sydney International Open"]
[Site "Parramatta, NSW"]
[Date "2009.04.18"]
[Round "8.8"]
[White "Bjelobrk, Igor"]
[Black "Roy Chowdhury, Saptarshi"]
[Result "0-1"]
[WhiteElo "2332"]
[BlackElo "2469"]
[PlyCount "64"]
[EventDate "2009.04.15"]
[EventType "swiss"]
[EventRounds "9"]
[EventCountry "AUS"]
[SourceDate "2009.04.15"]

1. d4 e6 2. c4 b6 3. e4 Bb7 4. Nc3 Bb4 5. e5 Ne7 6. Nf3 h6 7. Bd3 Bxc3+ 8. bxc3
d6 9. O-O Nd7 10. Bf4 d5 11. cxd5 Nxd5 12. Bd2 c5 13. Qe2 Ne7 14. Be3 O-O 15.
Rfd1 Qc7 16. Rac1 Rac8 17. h4 Rfd8 18. h5 Nd5 19. Bd2 c4 20. Bb1 Re8 21. Nh4
Nf8 22. Re1 b5 23. Qg4 Kh8 24. Qh3 b4 25. cxb4 c3 26. Red1 Qc4 27. Qf3 Qxd4 28.
Qxf7 Qxh4 29. Qxb7 Rb8 30. Qxa7 cxd2 31. Rxd2 Qg5 32. Qd4 Rxb4 0-1

[Event "Sydney International Open"]
[Site "Parramatta, NSW"]
[Date "2009.04.18"]
[Round "8.11"]
[White "Mas, Hafizulhelmi"]
[Black "Zibaei, Abdoulla"]
[Result "1-0"]
[WhiteElo "2425"]
[BlackElo "2067"]
[PlyCount "73"]
[EventDate "2009.04.15"]
[EventType "swiss"]
[EventRounds "9"]
[EventCountry "AUS"]
[SourceDate "2009.04.15"]

1. e4 e5 2. Bc4 Nf6 3. d3 Nc6 4. Nc3 Bc5 5. Bg5 h6 6. Bh4 g5 7. Bg3 d6 8. Na4
Qe7 9. h4 g4 10. h5 Na5 11. Bh4 Nxc4 12. dxc4 Qe6 13. Nxc5 dxc5 14. Ne2 Bd7 15.
Ng3 Qc6 16. Bxf6 Qxf6 17. Qd5 O-O-O 18. Qxc5 Kb8 19. O-O-O Qf4+ 20. Qe3 Qf6 21.
b3 Be6 22. Rxd8+ Rxd8 23. Rd1 Rd6 24. Rxd6 cxd6 25. Kd1 b6 26. Ke1 Kc7 27. a4
Kb7 28. Qd2 Bd7 29. a5 a6 30. axb6 Kxb6 31. Ne2 Qe6 32. Qb4+ Kc6 33. Nc3 Qe7
34. Qa5 Bc8 35. Nd5 Qb7 36. Qa4+ Kc5 37. b4+ 1-0

[Event "Sydney International Open"]
[Site "Parramatta, NSW"]
[Date "2009.04.18"]
[Round "8.13"]
[White "Ayvazyan, Armen"]
[Black "McNamara, Gary"]
[Result "1/2-1/2"]
[WhiteElo "2210"]
[BlackElo "2114"]
[PlyCount "42"]
[EventDate "2009.04.15"]
[EventType "swiss"]
[EventRounds "9"]
[EventCountry "AUS"]
[SourceDate "2009.04.15"]

1. Nf3 g6 2. c4 Bg7 3. e4 c5 4. d4 Qa5+ 5. Nc3 Nc6 6. Be3 cxd4 7. Nxd4 Nf6 8.
Nb3 Qd8 9. Be2 O-O 10. O-O d6 11. Rc1 b6 12. f3 Bb7 13. Qd2 Nd7 14. Nd5 f5 15.
exf5 Rxf5 16. Bd3 Rf7 17. Nf4 Nf8 18. Be4 e6 19. Rcd1 Rd7 20. Qe2 Qc7 21. Rc1
Re8 1/2-1/2

[Event "Sydney International Open"]
[Site "Parramatta, NSW"]
[Date "2009.04.18"]
[Round "8.14"]
[White "Yuan, Yi"]
[Black "Smirnov, Vladimir"]
[Result "0-1"]
[WhiteElo "2010"]
[BlackElo "2365"]
[PlyCount "70"]
[EventDate "2009.04.15"]
[EventType "swiss"]
[EventRounds "9"]
[EventCountry "AUS"]
[SourceDate "2009.04.15"]

1. e4 Nc6 2. Nf3 Nf6 3. Nc3 d5 4. exd5 Nxd5 5. Nxd5 Qxd5 6. d4 Bg4 7. Be2 O-O-O
8. Be3 e5 9. O-O exd4 10. Nxd4 Bxe2 11. Nxe2 Qc4 12. Bd2 Bd6 13. b3 Qh4 14. g3
Qh3 15. Qc1 Rhe8 16. Be3 Re4 17. f3 Re6 18. Kh1 Rde8 19. Ng1 Qf5 20. Bf2 g5 21.
Qd2 g4 22. Rae1 gxf3 23. Rxe6 Rxe6 24. Qc3 Re2 25. Nxf3 Rxc2 26. Qh8+ Kd7 27.
Bd4 Qd3 (27... Qh3 $1 28. Rg1 (28. Rf2 Rxf2 29. Bxf2 Qf1+ $19) 28... Qh5 29.
Qf6 Nxd4 $19) 28. Kg1 Nxd4 29. Nxd4 Qe3+ 30. Kh1 Qe4+ (30... Rxh2+ 31. Kxh2
Qxg3+ 32. Kh1 Qh2#) 31. Nf3 Qe2 32. Ne5+ Bxe5 33. Rxf7+ Kc6 34. Qe8+ Kb6 35.
Qe6+ c6 0-1

[Event "Sydney International Open"]
[Site "Parramatta, NSW"]
[Date "2009.04.18"]
[Round "8.15"]
[White "Pon, N Krithikha"]
[Black "Rej, Tomek"]
[Result "0-1"]
[WhiteElo "2180"]
[BlackElo "2308"]
[PlyCount "58"]
[EventDate "2009.04.15"]
[EventType "swiss"]
[EventRounds "9"]
[EventCountry "AUS"]
[SourceDate "2009.04.15"]

1. e4 e5 2. Nf3 Nc6 3. Bb5 a6 4. Ba4 Nf6 5. O-O Be7 6. Re1 b5 7. Bb3 d6 8. c3
O-O 9. d4 Bg4 10. Be3 Re8 11. Nbd2 d5 12. exd5 Nxd5 13. dxe5 Nxe3 14. Rxe3 Bg5
15. Re2 Nxe5 16. Nxe5 {White offered a draw.} Rxe5 17. Nf3 Qxd1+ 18. Bxd1 Rxe2
19. Bxe2 h6 20. a4 Rb8 21. axb5 axb5 22. h3 Be6 23. Ra5 Bc1 24. Bxb5 Bxb2 25.
c4 Rd8 26. Ra7 Rd1+ 27. Kh2 c5 28. Kg3 g5 29. Rc7 Bc1 0-1

[Event "Sydney International Open"]
[Site "Parramatta, NSW"]
[Date "2009.04.18"]
[Round "8.16"]
[White "Chow, Samuel"]
[Black "Fernandez, Daniel Howard"]
[Result "0-1"]
[WhiteElo "2299"]
[BlackElo "2171"]
[PlyCount "90"]
[EventDate "2009.04.15"]
[EventType "swiss"]
[EventRounds "9"]
[EventCountry "AUS"]
[SourceDate "2009.04.15"]

1. d4 Nf6 2. Bg5 c6 3. Bxf6 exf6 4. c3 g6 5. e4 Bg7 6. Bd3 O-O 7. Nf3 Qb6 8.
Qc2 d5 9. O-O Bg4 10. Nbd2 dxe4 11. Bxe4 Nd7 12. Bd3 Rfe8 13. h3 Bxf3 14. Nxf3
f5 15. Rfe1 Nf6 16. Bc4 Ne4 17. Bb3 Rad8 18. Re2 c5 19. dxc5 Nxc5 20. Bc4 Rxe2
21. Qxe2 Ne4 22. Bb3 Bf8 23. Nd4 Bc5 24. Qc4 Qf6 25. Rd1 b5 26. Qxb5 Bxd4 27.
cxd4 Rxd4 28. Rc1 Qe7 29. Qb8+ Kg7 30. Qf4 Rd7 31. Qe3 Qe5 32. f3 Qg3 33. Qe1
Rd2 34. Qxg3 Nxg3 35. Rc7 g5 36. h4 gxh4 37. Kh2 Kg6 38. Kh3 Kg5 39. f4+ Kxf4
40. Rxf7 h5 41. Rxa7 Rxb2 42. Kxh4 Rxg2 43. Ra4+ Ne4 44. Kxh5 Ke3 45. Bd5 Nf6+
0-1

[Event "Sydney International Open"]
[Site "Parramatta, NSW"]
[Date "2009.04.18"]
[Round "8.17"]
[White "Broekhuyse, Paul"]
[Black "Steadman, Michael"]
[Result "0-1"]
[WhiteElo "2118"]
[BlackElo "2262"]
[PlyCount "126"]
[EventDate "2009.04.15"]
[EventType "swiss"]
[EventRounds "9"]
[EventCountry "AUS"]
[SourceDate "2009.04.15"]

1. f4 g6 2. Nf3 Bg7 3. g3 b6 4. Bg2 Bb7 5. O-O e6 6. d3 Ne7 7. e4 c5 8. Nc3
Nbc6 9. Nh4 h6 10. f5 Bd4+ 11. Kh1 g5 12. Nb5 (12. Nf3 $5) 12... Be5 13. fxe6
dxe6 14. Nf3 Bg7 15. c3 Qd7 16. Be3 Rd8 17. d4 Na5 18. Qe2 Bxe4 19. Bxg5 Bc6
20. a4 hxg5 21. Nxg5 Bxg2+ 22. Qxg2 Nf5 23. Rae1 O-O 24. Re4 Nh6 25. Rff4 Qd5
26. h4 cxd4 27. cxd4 e5 28. Nc3 Qd6 29. dxe5 Bxe5 30. Rf1 Nc6 31. Qc2 Qd3 32.
Qg2 Qxg3 33. Qxg3 Bxg3 34. Rg1 Rd3 35. Ne2 Bf2 36. Rg2 Rd1+ 37. Kh2 f5 38. Ne6+
Kh8 39. Nxf8 fxe4 40. Ng6+ Kg7 41. Ne5+ Kf6 42. Nxc6 Bxh4 43. Nf4 Nf7 44. Nh5+
Kf5 45. Ng7+ Kf4 46. Ne6+ Ke3 47. Kh3 Rh1+ 48. Kg4 Nh6+ 49. Kh5 Bf2+ 50. Kg6
Kf3 51. Rg5 Be3 52. Ncd4+ Kf2 53. Rh5 Rxh5 54. Kxh5 Bxd4 55. Nxd4 Nf7 56. Kg4
e3 57. Kf5 Nd8 58. Ke4 Nc6 59. Nc2 e2 60. Kd5 Na5 61. b4 Nb3 62. b5 Na1 63. Nb4
Ke3 0-1

[Event "Sydney International Open"]
[Site "Parramatta, NSW"]
[Date "2009.04.18"]
[Round "8.18"]
[White "Dragicevic, Domagoj"]
[Black "Morris, James"]
[Result "1/2-1/2"]
[WhiteElo "2251"]
[BlackElo "2114"]
[PlyCount "76"]
[EventDate "2009.04.15"]
[EventType "swiss"]
[EventRounds "9"]
[EventCountry "AUS"]
[SourceDate "2009.04.15"]

1. e4 c5 2. Nc3 e6 3. g3 d5 4. exd5 exd5 5. Bg2 Nf6 6. d3 h6 7. Nge2 d4 8. Ne4
Nc6 9. O-O Nxe4 10. dxe4 Be7 11. Nf4 O-O 12. Nd5 Be6 13. Nxe7+ Qxe7 14. f4 f6
15. Bd2 Rad8 16. Qe1 Rfe8 17. Qf2 c4 18. c3 b5 19. cxd4 Rxd4 20. Bc3 Rd3 21. e5
Qd7 22. exf6 b4 23. Be5 gxf6 24. Bxf6 Rd2 25. Bxc6 Rxf2 26. Bxd7 Rxf1+ 27. Rxf1
Bxd7 28. Kf2 Bg4 29. Re1 Rxe1 30. Kxe1 Kf7 31. Bd4 a5 32. Bb6 a4 33. Bc5 c3 34.
b3 axb3 35. axb3 Be6 36. Bxb4 Bxb3 37. f5 Kf6 38. g4 h5 1/2-1/2

[Event "Sydney International Open"]
[Site "Parramatta, NSW"]
[Date "2009.04.18"]
[Round "8.19"]
[White "Illingworth, Max"]
[Black "Nakauchi, Gene"]
[Result "1/2-1/2"]
[WhiteElo "2243"]
[BlackElo "2076"]
[PlyCount "108"]
[EventDate "2009.04.15"]
[EventType "swiss"]
[EventRounds "9"]
[EventCountry "AUS"]
[SourceDate "2009.04.15"]

1. d4 Nf6 2. c4 c5 3. d5 e6 4. Nc3 exd5 5. cxd5 d6 6. e4 g6 7. Nge2 Bg7 8. Ng3
O-O 9. f3 a6 10. a4 b6 11. Be2 Re8 12. O-O h5 13. Bg5 Nbd7 14. Qd2 Qc7 15. Rac1
Nh7 16. Be3 h4 17. Nh1 Ndf8 18. b4 Qe7 19. bxc5 bxc5 20. Nf2 g5 21. f4 gxf4 22.
Bxf4 Ng6 23. Be3 Bd7 24. Rb1 f5 25. Bh6 Bd4 26. Kh1 Qe5 27. Ncd1 f4 28. Rb7
Rad8 29. Bxa6 h3 30. gxh3 Qh5 31. Ng4 Qxh3 32. Rxd7 Rxd7 33. Qg2 Qxg2+ 34. Kxg2
f3+ 35. Kg3 Rxe4 36. Bc8 Rxg4+ 37. Kxg4 Ne5+ 38. Kg3 Ra7 39. Be6+ Kh8 40. Ne3
Nf6 41. Nf5 Ne4+ 42. Kh3 Rxa4 43. Rb1 Ra7 44. Kh4 Nc3 45. Rb8+ Kh7 46. Kh5 Ne4
47. Bg8+ Kh8 48. Be6+ Kh7 49. Nxd4 Nf6+ 50. Kg5 Ne4+ 51. Kh5 Nf6+ 52. Kg5 Ne4+
53. Kh5 Nf6+ 54. Kg5 Ne4+ 1/2-1/2

[Event "Sydney International Open"]
[Site "Parramatta, NSW"]
[Date "2009.04.18"]
[Round "8.20"]
[White "Cheng, Bobby Sky"]
[Black "Minor, Samuel"]
[Result "0-1"]
[WhiteElo "2103"]
[BlackElo "2216"]
[PlyCount "126"]
[EventDate "2009.04.15"]
[EventType "swiss"]
[EventRounds "9"]
[EventCountry "AUS"]
[SourceDate "2009.04.15"]

1. d4 f5 2. Nc3 Nf6 3. Bg5 d5 4. Bxf6 exf6 5. e3 Be6 6. Qf3 Qd7 7. Bb5 Nc6 8.
a3 a6 9. Bd3 g6 10. Nge2 Bf7 11. h3 h5 12. h4 Ne7 13. O-O-O O-O-O 14. Nf4 Kb8
15. Qe2 Nc8 16. Kb1 Bh6 17. g3 Rhe8 18. Qd2 Nb6 19. Rhe1 Bf8 20. Bf1 Qc6 21. f3
Nc4 22. Bxc4 Qxc4 23. Qd3 Qc6 24. Na2 Rd6 25. Nc1 Ka7 26. Rd2 Rd7 27. Rg2 Rde7
28. Nb3 b6 29. Nd2 Bh6 30. Rge2 Qd6 31. Nf1 Rb8 32. c3 Rg8 33. Ng2 Rg7 34. Ka1
Bg8 35. Rf2 Be6 36. Nf4 Bd7 37. Qc2 Bb5 38. a4 Bc6 39. b3 Rg8 40. Kb2 a5 41.
Qd2 Bb7 42. Ng2 Ba6 43. f4 Kb8 44. Kc2 Kc8 45. Ra1 Kd7 46. Kd1 Rc8 47. Qb2 Ke8
48. Kd2 Bf8 49. Rb1 Rd7 50. Rc1 Qe6 51. Nh2 Kf7 52. Nf3 c5 53. Nfe1 Rdc7 54.
Nf3 c4 55. Kd1 cxb3 56. Qxb3 Bb4 57. Rfc2 Bd3 58. Rd2 Be4 59. Nge1 Rxc3 60.
Rxc3 Rxc3 61. Qb2 Bxf3+ 62. Nxf3 Qxe3 63. Rf2 Rd3+ 0-1

[Event "Sydney International Open"]
[Site "Parramatta, NSW"]
[Date "2009.04.18"]
[Round "8.21"]
[White "Dizdarevich, Mehmedalija"]
[Black "Wright, Neil"]
[Result "0-1"]
[WhiteElo "2081"]
[BlackElo "2208"]
[PlyCount "96"]
[EventDate "2009.04.15"]
[EventType "swiss"]
[EventRounds "9"]
[EventCountry "AUS"]
[SourceDate "2009.04.15"]

1. e4 e5 2. d4 Nf6 3. Nf3 d6 4. Nc3 Nbd7 5. Bc4 Be7 6. Qe2 h6 7. h3 c6 8. a4
Qc7 9. Bb3 g5 10. Be3 Rh7 11. Nh2 Nf8 12. Nf1 Ne6 13. d5 Nd4 14. Qc4 Nxb3 15.
cxb3 Bd8 16. Ng3 cxd5 17. exd5 Qxc4 18. bxc4 Ba5 19. Bd2 Ke7 20. f3 Bb6 21. Rf1
Ne8 22. O-O-O f5 23. Rde1 Kf7 24. b3 Kg6 25. Nge2 h5 26. Rh1 h4 27. Rhf1 a6 28.
f4 gxf4 29. Nxf4+ Kf7 30. Ne6 Bxe6 31. dxe6+ Kxe6 32. Nd5 Bd4 33. Rf4 Ba7 34.
Rf3 Nf6 35. Ne3 Bxe3 36. Rfxe3 Ne4 37. Bb4 Rg8 38. R3e2 Rhg7 39. Rg1 Rg3 40.
Kb2 Rxh3 41. Be1 Rh2 42. Rc2 h3 43. g3 Rxc2+ 44. Kxc2 f4 45. g4 Ng3 46. Bxg3
Rxg4 47. Bh2 Rxg1 48. Bxg1 f3 0-1

[Event "Sydney International Open"]
[Site "Parramatta, NSW"]
[Date "2009.04.18"]
[Round "8.21"]
[White "Su, Alexander"]
[Black "Greenwood, Norman"]
[Result "1-0"]
[WhiteElo "483"]
[BlackElo "1475"]
[PlyCount "143"]
[EventDate "2009.04.15"]
[EventType "swiss"]
[EventRounds "9"]
[EventCountry "AUS"]
[SourceDate "2009.04.15"]

1. e4 e5 2. Nf3 Nf6 3. Nxe5 d6 4. Nf3 Nxe4 5. Bc4 d5 6. Bb3 Bg4 7. d3 Nc5 8.
Nbd2 Nxb3 9. Nxb3 Bd6 10. Bd2 O-O 11. Bc3 Re8+ 12. Kf1 c5 13. h3 Bh5 14. g4 Bg6
15. d4 b6 16. Qd2 Qc7 17. dxc5 bxc5 18. Qxd5 Be4 19. Qg5 f6 20. Qe3 Nd7 21. Rg1
Qb7 22. Nh4 Bg2+ 23. Nxg2 Rxe3 24. Nxe3 Ne5 25. Rd1 Rd8 26. Bxe5 fxe5 27. Nc4
Qa6 28. Nbd2 Bc7 29. Kg2 Qxa2 30. Ra1 Qxa1 31. Rxa1 Bb8 32. Nb3 e4 33. Nxc5 Rd5
34. b4 Kf7 35. Re1 h6 36. Rxe4 Rd8 37. Kf3 Bh2 38. Ne5+ Bxe5 39. Rxe5 Rd2 40.
Re2 Rd1 41. Nd3 Ra1 42. Ne5+ Ke6 43. Nc4+ Kd7 44. Ne5+ Kc7 45. Rd2 Kb6 46. c4
g5 47. Rd6+ Kc7 48. Rxh6 Ra3+ 49. Ke4 a5 50. Rc6+ Kb7 51. Rc5 axb4 52. Rb5+ Kc7
53. Rxb4 Rxh3 54. Nf7 Rh1 55. Nxg5 Kc6 56. Nf3 Kc5 57. Ra4 Rh8 58. g5 Rg8 59.
Nd2 Re8+ 60. Kf3 Rf8+ 61. Kg3 Rd8 62. Ra5+ Kc6 63. Nf3 Rd3 64. g6 Rd8 65. g7
Rg8 66. Ra7 Kb6 67. Rf7 Kc5 68. Ne5 Kd6 69. f4 Kc5 70. Kh4 Kd6 71. Kh5 Kc5 72.
Kh6 1-0

[Event "Sydney International Open"]
[Site "Parramatta, NSW"]
[Date "2009.04.18"]
[Round "8.22"]
[White "Stead, Kerry"]
[Black "Schon, Eugene"]
[Result "0-1"]
[WhiteElo "2087"]
[BlackElo "2186"]
[PlyCount "44"]
[EventDate "2009.04.15"]
[EventType "swiss"]
[EventRounds "9"]
[EventCountry "AUS"]
[SourceDate "2009.04.15"]

1. d4 d5 2. e4 dxe4 3. Nc3 e5 4. Qh5 Nc6 5. d5 $2 Nf6 6. Qd1 Nd4 7. Bc4 Bg4 8.
f3 exf3 9. gxf3 Bf5 10. Bd3 Bb4 11. Bg5 h6 12. Bh4 g5 13. Bg3 Nxd5 14. Kf2 Bc5
15. Na4 Qe7 16. Ke1 Ne3 17. Qd2 Nexc2+ 18. Kf1 Bxd3+ 19. Qxd3 Nxa1 20. Ne2 Nac2
21. Nec3 O-O-O 22. Ne4 Nf5 0-1

[Event "Sydney International Open"]
[Site "Parramatta, NSW"]
[Date "2009.04.18"]
[Round "8.23"]
[White "Safarian, Alek"]
[Black "Solomon, Stephen"]
[Result "0-1"]
[WhiteElo "2061"]
[BlackElo "2455"]
[PlyCount "94"]
[EventDate "2009.04.15"]
[EventType "swiss"]
[EventRounds "9"]
[EventCountry "AUS"]
[SourceDate "2009.04.15"]

1. d4 Nf6 2. c4 c5 3. d5 e5 4. Nc3 d6 5. e4 Be7 6. Bd3 Nbd7 7. Nge2 Nf8 8. O-O
Ng6 9. b4 cxb4 10. Qa4+ Nd7 11. Qxb4 Nc5 12. Bc2 O-O 13. Na4 Na6 14. Qb3 Bg5
15. Ba3 b6 16. Ng3 Nf4 17. Qb5 Nc5 18. Nxc5 bxc5 19. Rab1 Qe7 20. Ba4 Rd8 21.
Qa5 Bd7 22. Rb7 g6 23. Rfb1 Qe8 24. Bd1 h5 25. h3 Bh4 26. Rc7 Rdb8 27. Rcb7
Rxb7 28. Rxb7 Bd8 29. Qc3 Bb6 30. Rxd7 Qxd7 31. Kh2 Bd8 32. Bc1 Bg5 33. Qa3 Rb8
34. Ba4 Qe7 35. Bc2 h4 36. Nf1 Ne2 37. Bb2 Bf4+ 38. g3 Qg5 39. Ba1 hxg3+ 40.
fxg3 Bxg3+ 41. Nxg3 Qd2 42. Qd3 Nxg3+ 43. Qxd2 Nf1+ 44. Kg2 Nxd2 45. Bd3 Nxc4
46. Bxc4 Rb1 47. Bxe5 dxe5 0-1

[Event "Sydney International Open"]
[Site "Parramatta, NSW"]
[Date "2009.04.18"]
[Round "8.24"]
[White "Watson, James"]
[Black "Stojic, Dusan"]
[Result "1-0"]
[WhiteElo "2101"]
[BlackElo "2229"]
[PlyCount "73"]
[EventDate "2009.04.15"]
[EventType "swiss"]
[EventRounds "9"]
[EventCountry "AUS"]
[SourceDate "2009.04.15"]

1. e4 c5 2. Nc3 d6 3. f4 Nc6 4. Nf3 g6 5. Bc4 Bg7 6. O-O Nf6 7. d3 Nd4 8. Nxd4
cxd4 9. Nd5 Nxd5 10. Bxd5 O-O 11. f5 e6 12. fxe6 fxe6 13. Rxf8+ Qxf8 14. Bb3
Bd7 15. Qe2 b5 16. Bd2 a5 17. a4 b4 18. Qf2 Qe7 19. Bf4 g5 20. Bd2 Rf8 21. Qe2
h6 22. Rf1 Kh8 23. Rxf8+ Qxf8 24. Qh5 Qf6 25. h4 gxh4 26. Qxa5 h3 27. Qh5 hxg2
28. Kxg2 Kh7 29. a5 Qf8 30. Bxb4 Be5 31. Qg4 Qf7 32. Bd2 Bc8 33. a6 h5 34. Qg5
Bf6 35. Qh6+ Kg8 36. a7 Bg7 37. Bxe6 1-0

[Event "Sydney International Open"]
[Site "Parramatta, NSW"]
[Date "2009.04.18"]
[Round "8.25"]
[White "Amrutha, Mokal"]
[Black "Brown, Andrew"]
[Result "0-1"]
[WhiteElo "2155"]
[BlackElo "2085"]
[PlyCount "104"]
[EventDate "2009.04.15"]
[EventType "swiss"]
[EventRounds "9"]
[EventCountry "AUS"]
[SourceDate "2009.04.15"]

1. e4 c5 2. Nf3 Nc6 3. d4 cxd4 4. Nxd4 Nf6 5. Nc3 e5 6. Ndb5 d6 7. Bg5 a6 8.
Na3 b5 9. Bxf6 gxf6 10. Nd5 Bg7 11. Bd3 Ne7 12. Nxe7 Kxe7 13. O-O d5 14. exd5
Qxd5 15. c4 bxc4 16. Nxc4 Rb8 17. Qe2 Qd4 18. Kh1 Be6 19. b3 f5 20. f3 e4 21.
fxe4 fxe4 22. Bxe4 {White offered a draw.} Qxa1 23. Rxa1 Bxa1 24. Na5 Rb5 25.
Nc6+ Kf8 26. b4 Kg7 27. a4 Rg5 28. Qxa6 Re8 29. Qf1 Bc3 30. Qc1 Bf6 31. h3 Bxh3
32. gxh3 Rxe4 33. Qf1 Bc3 34. Qd3 Re1+ 35. Kh2 Bf6 36. b5 Ra1 37. Qe4 Ra2+ 38.
Kh1 Rb2 39. Qf3 h5 40. Qe4 h4 41. Nd4 Rf2 42. Qd3 Kh8 43. b6 Rg3 44. Qe4 Rxh3+
45. Kg1 Rb2 46. Nf5 Rg3+ 47. Nxg3 hxg3 48. b7 Kg7 49. Qg4+ Kf8 50. Qc8+ Kg7 51.
b8=Q $4 (51. Qd7 $18) 51... Bd4+ 52. Kh1 Rh2# 0-1

[Event "Sydney International Open"]
[Site "Parramatta, NSW"]
[Date "2009.04.18"]
[Round "8.26"]
[White "Bird, Andrew"]
[Black "Voon, Richard"]
[Result "1-0"]
[WhiteElo "2146"]
[BlackElo "2006"]
[PlyCount "73"]
[EventDate "2009.04.15"]
[EventType "swiss"]
[EventRounds "9"]
[EventCountry "AUS"]
[SourceDate "2009.04.15"]

1. Nf3 Nf6 2. c4 e6 3. g3 d5 4. d4 c6 5. Bg2 Be7 6. O-O O-O 7. Nbd2 Nbd7 8. Qc2
Re8 9. e4 dxe4 10. Nxe4 b6 11. Ne5 Nxe5 12. dxe5 Nd7 13. Nd6 Nxe5 14. Nxe8 Qxe8
15. b3 Bb7 16. Bb2 Ng6 17. Rad1 Qc8 18. Qe4 Rb8 19. Qg4 c5 20. Bxb7 Qxb7 21. h4
Bf8 22. h5 Ne7 23. h6 Ng6 24. hxg7 Bxg7 25. Bxg7 Kxg7 26. Rd6 Qe7 27. Rfd1 Rb7
28. R1d2 Qf6 29. Kg2 Qe7 30. Qf3 Rc7 31. Qc3+ f6 32. Qe3 e5 33. Qe4 Nf8 34.
Qg4+ Kf7 35. Rd8 Rb7 36. Qd1 Ne6 37. R8d7 1-0

[Event "Sydney International Open"]
[Site "Parramatta, NSW"]
[Date "2009.04.18"]
[Round "8.28"]
[White "Setiawan, Akwie"]
[Black "Muller, Jonas"]
[Result "1-0"]
[WhiteElo "2185"]
[BlackElo "1981"]
[PlyCount "93"]
[EventDate "2009.04.15"]
[EventType "swiss"]
[EventRounds "9"]
[EventCountry "AUS"]
[SourceDate "2009.04.15"]

1. c4 c5 2. Nc3 b6 3. Nf3 Bb7 4. g3 Nf6 5. Bg2 e6 6. d3 Be7 7. O-O d6 8. b3 a6
9. Bb2 O-O 10. Qd2 Qc7 11. Rac1 Nbd7 12. Rfe1 Rac8 13. e4 Rfe8 14. d4 cxd4 15.
Nxd4 Qb8 16. h3 Qa8 17. Qe3 Bf8 18. Na4 Qb8 19. Rcd1 Ba8 20. Nc3 g6 21. Rd2 Bg7
22. Ba3 Nc5 23. Red1 Bb7 24. Nde2 Bf8 25. Qf4 Nh5 26. Qe3 Qa8 27. g4 Nf6 28.
Ng3 d5 29. e5 d4 30. Rxd4 Bxg2 31. exf6 Bf3 32. R1d2 e5 33. Rd5 Bxd5 34. Nxd5
Qb7 35. Re2 Kh8 36. Bb2 Nd7 37. Ne4 b5 38. Rc2 bxc4 39. bxc4 Qc6 40. Ba3 Bxa3
41. Qxa3 Nc5 42. Ng5 Qb7 43. Rb2 Qa7 44. Qe3 Rb8 45. Rxb8 Rxb8 46. Ne4 Rc8 47.
Qh6 1-0

[Event "Sydney International Open"]
[Site "Parramatta, NSW"]
[Date "2009.04.18"]
[Round "8.29"]
[White "Gibbons, Bob"]
[Black "Holland, Dennis"]
[Result "1/2-1/2"]
[WhiteElo "2067"]
[BlackElo "1963"]
[PlyCount "43"]
[EventDate "2009.04.15"]
[EventType "swiss"]
[EventRounds "9"]
[EventCountry "AUS"]
[SourceDate "2009.04.15"]

1. e4 e6 2. g3 d5 3. exd5 exd5 4. d4 Bd6 5. Bg2 c6 6. Ne2 Bg4 7. f3 Bf5 8. Bf4
Ne7 9. O-O Ng6 10. Bxd6 Qxd6 11. Nbc3 O-O 12. Qd2 Nd7 13. Rae1 Nb6 14. b3 Rfe8
15. Nc1 Qf6 16. Nd1 Rad8 17. Re3 Rxe3 18. Nxe3 Bd7 19. Re1 Re8 20. Kf2 Qd8 21.
Nd3 Nc8 22. Nc5 1/2-1/2

[Event "Sydney International Open"]
[Site "Parramatta, NSW"]
[Date "2009.04.18"]
[Round "8.30"]
[White "Abbott, Peter"]
[Black "Chan, Jason"]
[Result "1/2-1/2"]
[WhiteElo "1893"]
[BlackElo "2056"]
[PlyCount "97"]
[EventDate "2009.04.15"]
[EventType "swiss"]
[EventRounds "9"]
[EventCountry "AUS"]
[SourceDate "2009.04.15"]

1. d4 Nf6 2. c4 g6 3. Nc3 Bg7 4. e4 d6 5. f3 O-O 6. Bg5 c5 7. d5 a6 8. Qd2 b5
9. cxb5 Qa5 10. a4 Nbd7 11. bxa6 Qb4 12. Bb5 Bxa6 13. Nge2 Ne5 14. O-O Bxb5 15.
axb5 Nc4 16. Qc2 Qxb2 17. Qxb2 Nxb2 18. Rxa8 Rxa8 19. Rb1 Nd3 20. Kf1 Kf8 21.
Bd2 Ke8 22. Nd1 Kd7 23. Bc3 Kc7 24. Rb3 c4 25. Rb1 Kb7 26. Bd4 h5 27. Nec3 Nxe4
28. Bxg7 Nd2+ 29. Ke2 Nxb1 30. Nxb1 Nf4+ 31. Kf1 Nxd5 32. Nd2 c3 33. Bxc3 Nxc3
34. Nxc3 e6 35. Ke2 d5 36. Kd3 Ra1 37. Kd4 Rg1 38. Kc5 Rxg2 39. Nb3 Rc2 40.
Na5+ Ka8 41. Kd4 Rxh2 42. b6 Rb2 43. Kc5 h4 44. Nb5 h3 45. b7+ Kb8 46. Kb6 Rc2
47. Na7 Rb2+ 48. Nb5 Rc2 49. Na7 1/2-1/2

[Event "Sydney International Open"]
[Site "Parramatta, NSW"]
[Date "2009.04.18"]
[Round "8.31"]
[White "Bennett, Hilton"]
[Black "Zulfic, Fedja"]
[Result "1-0"]
[WhiteElo "2028"]
[BlackElo "1971"]
[PlyCount "113"]
[EventDate "2009.04.15"]
[EventType "swiss"]
[EventRounds "9"]
[EventCountry "AUS"]
[SourceDate "2009.04.15"]

1. e4 d5 2. exd5 Nf6 3. d4 Bg4 4. Bb5+ Nbd7 5. Be2 Bxe2 6. Qxe2 Nxd5 7. c4 N5f6
8. Nf3 c6 9. O-O e6 10. Nc3 Be7 11. Re1 Nb6 12. Bf4 O-O 13. Rad1 Bb4 14. a3
Bxc3 15. bxc3 Rc8 16. Ne5 Qe7 17. c5 Nbd5 18. Bd2 Nd7 19. c4 Nc7 20. Nf3 Qf6
21. Ng5 b6 22. cxb6 axb6 23. Qe4 Qg6 24. Qxc6 Rfd8 25. Qe4 Qxe4 26. Nxe4 Ne8
27. c5 Ndf6 28. Nxf6+ Nxf6 29. cxb6 Nd5 30. Rb1 Rb8 31. Rec1 Rb7 32. a4 Kf8 33.
a5 Ra8 34. h3 Ke7 35. Rc5 Kd7 36. Rbc1 h6 37. g4 Rh8 38. f4 h5 39. Kg2 g6 40.
f5 gxf5 41. gxf5 h4 42. Kf3 Rg8 43. Bf4 Ke7 44. Bc7 Nb4 45. R5c4 Na6 46. Re1
Kd7 47. fxe6+ fxe6 48. Be5 Ke8 49. Rc8+ Kf7 50. Rec1 Rg5 51. R1c4 Rg1 52. Ra8
Rd7 53. Ra7 Rxa7 54. bxa7 Rg8 55. Rc6 Nb4 56. Rc7+ Kg6 57. Rg7+ 1-0

[Event "Sydney International Open"]
[Site "Parramatta, NSW"]
[Date "2009.04.18"]
[Round "8.32"]
[White "Selnes, Hamish"]
[Black "Camer, Angelito"]
[Result "0-1"]
[WhiteElo "1921"]
[BlackElo "2013"]
[PlyCount "88"]
[EventDate "2009.04.15"]
[EventType "swiss"]
[EventRounds "9"]
[EventCountry "AUS"]
[SourceDate "2009.04.15"]

1. d4 d5 2. c4 dxc4 3. e3 Nf6 4. Bxc4 e6 5. Nf3 c5 6. O-O a6 7. Bb3 b5 8. a4 c4
9. Bc2 Bb7 10. axb5 axb5 11. Rxa8 Bxa8 12. b3 cxb3 13. Bxb3 Nbd7 14. Qe2 b4 15.
Nbd2 Be7 16. Bb2 O-O 17. Rc1 Qb8 18. e4 Rc8 19. Rxc8+ Qxc8 20. Ne1 Qb7 21. f3
Qa7 22. Kh1 Nh5 23. Nd3 Qa5 24. Nc4 Qb5 25. Qc2 Bc6 26. Kg1 Nhf6 27. Nce5 Nxe5
28. Nxe5 Be8 29. Kf2 Qb8 30. g3 h5 31. Qc4 Kh7 32. d5 Bb5 33. Qc2 Qb6+ 34. Kg2
Qe3 35. Nc4 Bxc4 36. Bxc4 g6 37. dxe6 fxe6 38. Bxe6 h4 39. e5 Nh5 40. Bf7 h3+
41. Kxh3 Nf4+ 42. Kg4 Nd3 43. Kh3 Qh6+ 44. Kg2 Ne1+ 0-1